Central Library OPAC University of Rajshahi

The origins and history of consciousness / (Record no. 30648)

MARC details
000 -LEADER
fixed length control field 00788cam a22002532a 4500
001 - CONTROL NUMBER
control field 30648
003 - CONTROL NUMBER IDENTIFIER
rucl marc code BD-RjUl
005 - DATE AND TIME OF LATEST TRANSACTION
control field 20211209051609.0
008 - FIXED-LENGTH DATA ELEMENTS--GENERAL INFORMATION
fixed length control field 140410t1954 enka 001 0 eng d
035 ## - SYSTEM CONTROL NUMBER
System control number (BD-RjUL)30735
040 ## - CATALOGING SOURCE
Original cataloging agency MBB
Transcribing agency MBB
Modifying agency UKM
-- BD-RjUL
-- EQO
Language of cataloging eng
041 1# - LANGUAGE CODE
Language code of text/sound track or separate title eng
Language code of original ger
082 04 - DEWEY DECIMAL CLASSIFICATION NUMBER
Classification number 290.1313464
Edition number 18
Author mark and year NEO 1954
090 ## - LOCALLY ASSIGNED LC-TYPE CALL NUMBER (OCLC); LOCAL CALL NUMBER (OCLC)
Classification number (OCLC) (R) ; Classification number, CALL (RLIN) (NR) BF311
Local cutter number (OCLC) ; Book number/undivided call number, CALL (RLIN) .N489
100 1# - MAIN ENTRY--PERSONAL NAME
Personal name Neumann, Erich.
9 (RLIN) 93117
245 14 - TITLE STATEMENT
Title The origins and history of consciousness /
Statement of responsibility, etc. with a foreword by C.G. Jung ; translated from the German by R.F.C. Hull
260 ## - PUBLICATION, DISTRIBUTION, ETC. (IMPRINT)
Place of publication, distribution, etc. London :
Name of publisher, distributor, etc. Routledge and K. Paul,
Date of publication, distribution, etc. 1954.
300 ## - PHYSICAL DESCRIPTION
Pagination xxiv, 493 p. :
Illustrations front. ill. ;
Size 23 cm
504 ## - BIBLIOGRAPHY, ETC. NOTE
Bibliography, etc includes index.
650 #0 - SUBJECT ADDED ENTRY--TOPICAL TERM
Topical term or geographic name as entry element Consciousness.
9 (RLIN) 93118
Topical term or geographic name as entry element Personality
9 (RLIN) 93119
942 ## - ADDED ENTRY ELEMENTS (KOHA)
Source of classification or shelving scheme Dewey Decimal Classification
Koha item type Books
Holdings
Lost status Source of classification or shelving scheme Damaged status Not for loan Collection code Permanent Location Current Location Shelving location Date acquired Source of acquisition Cost, normal purchase price Total Checkouts Full call number Date last seen Copy number Koha item type Date checked out
  Dewey Decimal Classification   Not For Loan Non-fiction Central Library, University of Rajshahi Central Library, University of Rajshahi Reading Room 12/09/1955 B.H.Blackkwell 1.10   290.1313464 NEO 1954 10/04/2014 C-1 Books  
  Dewey Decimal Classification     Non-fiction Central Library, University of Rajshahi Central Library, University of Rajshahi   24/09/1956 Marshell Book Sipkim 37.80 1 290.1313464 NEO 1954 10/12/2019 C-2 Books 27/11/2019